| 000 | 00679nam a2200229Ia 4500 | ||
|---|---|---|---|
| 003 | GCL | ||
| 008 | 140319s9999 xx 000 0 ara d | ||
| 040 |
_aGCL / _cGCL |
||
| 082 | 0 | 4 |
_a553.282 _bم ط |
| 100 | 1 | _aمحمد ايهاب صلاح الدين | |
| 245 | 1 | 0 |
_aالطاقةوتحديات المستقبل / _cمحمد ايهاب صلاح الدين |
| 260 |
_a[S.N] : _bالمكتبة الاكاديمية ، _c1994 |
||
| 300 | _a523 ص | ||
| 490 | _a | ||
| 650 | 0 | 4 | _aالبترول |
| 650 | 0 | 4 | _aالطاقة |
| 650 | 0 | 4 | _aتكرير |
| 650 | 0 | 4 | _aالغاز |
| 650 | 0 | 4 | _aالفحم |
| 650 | 0 | 4 | _aاقتصاديات الوطن العربى |
| 942 |
_2ddc _cBK |
||
| 999 |
_c36884 _d36884 |
||